Les caquets de l'accouchée / (Registro nro. 41134)
[ vista simple ]
| 000 -LEADER | |
|---|---|
| campo de control de longitud fija | 00697nam a2200205 i 4500 |
| 001 - NÚMERO DE CONTROL | |
| campo de control | 41134 |
| 003 - IDENTIFICADOR DE NÚMERO DE CONTROL | |
| campo de control | ES-MaACL |
| 005 - FECHA Y HORA DE LA ÚLTIMA TRANSACCIÓN | |
| campo de control | 20230906160358.0 |
| 007 - CAMPO FIJO DE DESCRIPCIÓN FÍSICA--INFORMACIÓN GENERAL | |
| campo de control de longitud fija | t| |
| 008 - DATOS DE LONGITUD FIJA--INFORMACIÓN GENERAL | |
| campo de control de longitud fija | 030310s1855 fr ||||1| fre d |
| 245 04 - MENCIÓN DEL TÍTULO | |
| Título | Les caquets de l'accouchée / |
| Mención de responsabilidad, etc. | annotée par Edouard Fournier avec une introduction par M. Le Roux de Lincy. |
| 260 ## - PUBLICACIÓN, DISTRIBUCIÓN, ETC. | |
| Lugar de publicación, distribución, etc. | Paris : |
| Nombre del editor, distribuidor, etc. | Chez P. Jannet, |
| Fecha de publicación, distribución, etc. | 1855 ( |
| Fabricante | Imp. Guirandet et Jonaust) |
| 300 ## - DESCRIPCIÓN FÍSICA | |
| Extensión | XLVII, 300 p. ; |
| Dimensiones | 17 cm. |
| 490 1# - MENCIÓN DE SERIE | |
| Mención de serie | Bibliothèque elzévirienne |
| 700 1# - ENTRADA AGREGADA--NOMBRE PERSONAL | |
| Nombre de persona | Fournier, Edouard. |
| 9 (RLIN) | 51978 |
| 700 1# - ENTRADA AGREGADA--NOMBRE PERSONAL | |
| Nombre de persona | Le Roux de Lincy, Antoine ( |
| Fechas asociadas al nombre | 1806-1869) |
| 9 (RLIN) | 128795 |
| 830 0# - PUNTO DE ACCESO ADICIONAL DE SERIE-TÍTULO UNIFORME | |
| Título uniforme | Bibliothèque elzévirienne |
| 9 (RLIN) | 180979 |
| 852 ## - LOCALIZACIÓN | |
| Ubicación | ES-MaACL |
| Número de control de estantería | G-2369 |
| Estatus retirado | Estado de pérdida | Estado de daño | No para préstamo | Colección | Biblioteca de origen | Biblioteca actual | Ubicación en estantería | Fecha de adquisición | Fuente de adquisición | Total de préstamos | Signatura topográfica completa | Código de barras | Visto por última vez | Precio de reemplazo | Tipo de ítem Koha |
|---|---|---|---|---|---|---|---|---|---|---|---|---|---|---|---|
| Libros del s. XIX | Biblioteca del Ateneo de Madrid | Biblioteca del Ateneo de Madrid | Depósito 2 | 17/01/2008 | G-2369 | 1043305 | 23/02/2023 | 23/02/2023 | Libro impreso antiguo |
